| 000 | 00329nam a22001217a 4500 | ||
|---|---|---|---|
| 020 | _a978-1-78125-424-0 | ||
| 082 | _a658.45 | ||
| 100 | _aChartered Management Institute | ||
| 245 | _aManaging Business Communications | ||
| 260 |
_aLondon: _bChartered Management Institute, _c2015 |
||
| 300 | _aix, 260p.: ill.; 21cm | ||
| 942 | _cBK | ||
| 999 |
_c22173 _d22173 |
||